Bài tập kỹ thuật đo : Sách được biên soạn theo chương trình khung của Bộ Giáo dục và Đào tạo
Cuốn sách trình bày nội dung bài tập lớn môn học "kỹ thuật đo", các số liệu cho trước theo các phương án của bài tập lớn và hướng dẫn phương pháp tính toán độ chính xác cho các thông số hình học của chi tiết máy và bộ phận ma...
Guardado en:
| Autor principal: | |
|---|---|
| Formato: | Libro |
| Lenguaje: | Undetermined |
| Publicado: |
Hà Nội
Giáo dục Việt Nam
2012
|
| Materias: | |
| Etiquetas: |
Agregar Etiqueta
Sin Etiquetas, Sea el primero en etiquetar este registro!
|
| Thư viện lưu trữ: | Trung tâm Học liệu Trường Đại học Cần Thơ |
|---|
| LEADER | 01310nam a2200217Ia 4500 | ||
|---|---|---|---|
| 001 | CTU_136598 | ||
| 008 | 210402s9999 xx 000 0 und d | ||
| 020 | |c 29000 | ||
| 082 | |a 621.80287 | ||
| 082 | |b T454 | ||
| 100 | |a Ninh, Đức Tốn | ||
| 245 | 0 | |a Bài tập kỹ thuật đo : | |
| 245 | 0 | |b Sách được biên soạn theo chương trình khung của Bộ Giáo dục và Đào tạo | |
| 245 | 0 | |c Ninh Đức Tốn, Nguyễn Trọng Hùng, Nguyễn Thị Cẩm Tú | |
| 260 | |a Hà Nội | ||
| 260 | |b Giáo dục Việt Nam | ||
| 260 | |c 2012 | ||
| 520 | |a Cuốn sách trình bày nội dung bài tập lớn môn học "kỹ thuật đo", các số liệu cho trước theo các phương án của bài tập lớn và hướng dẫn phương pháp tính toán độ chính xác cho các thông số hình học của chi tiết máy và bộ phận máy khi thiết kế. Sách được dùng cho sinh viên ngành Cơ khí của các trường ĐH và CĐ khi làm bài tập lớn môn "Kỹ thuật đo". | ||
| 650 | |a Phép đo lường,Tolerance (engineering),Mensuration | ||
| 910 | |a Hải | ||
| 980 | |a Trung tâm Học liệu Trường Đại học Cần Thơ | ||